Notes on medical microbiology: including virology and parasitology. (2nd ed.) (Record no. 32187)
[ view plain ]
| 000 -LEADER | |
|---|---|
| fixed length control field | 00847nam a2200205 a 4500 |
| 008 - FIXED-LENGTH DATA ELEMENTS--GENERAL INFORMATION | |
| fixed length control field | 130731s2009 ||||||||||||||||| || u |
| 020 ## - INTERNATIONAL STANDARD BOOK NUMBER | |
| International Standard Book Number | 9780443102844 |
| 050 ## - LIBRARY OF CONGRESS CALL NUMBER | |
| Classification number | QR 46 WAR |
| 100 ## - MAIN ENTRY--PERSONAL NAME | |
| Personal name | Ward, Katherine N |
| 245 10 - TITLE STATEMENT | |
| Title | Notes on medical microbiology: including virology and parasitology. (2nd ed.) |
| Statement of responsibility, etc. | by Katherine N. Ward, A. Christine McCartney and Bishan Thakker |
| 250 ## - EDITION STATEMENT | |
| Edition statement | 2nd ed. |
| 260 ## - PUBLICATION, DISTRIBUTION, ETC. | |
| Place of publication, distribution, etc. | Edinburgh: |
| Name of publisher, distributor, etc. | Churchill Livingstone/Elsevier |
| Date of publication, distribution, etc. | 2009 |
| 300 ## - PHYSICAL DESCRIPTION | |
| Extent | viii, 597p.: ill. |
| 650 ## - SUBJECT ADDED ENTRY--TOPICAL TERM | |
| Topical term or geographic name entry element | MICROBIOLOGY--HANDBOOKS |
| 650 ## - SUBJECT ADDED ENTRY--TOPICAL TERM | |
| Topical term or geographic name entry element | PARASITOLOGY--HANDBOOKS |
| 650 #0 - SUBJECT ADDED ENTRY--TOPICAL TERM | |
| Topical term or geographic name entry element | MEDICAL MICROBIOLOGY |
| 700 ## - ADDED ENTRY--PERSONAL NAME | |
| Personal name | Thakker, Bishan |
| 700 ## - ADDED ENTRY--PERSONAL NAME | |
| Personal name | McCartney, Christine A |
| 995 ## - | |
| -- | MEDICAL LIBRARY OPEN ACCESS |
| -- | 902146 |
| -- | CBU-SCHOOL OF MEDICINE LIBRARY (Ndola) |
| -- | QR 46 WAR |
| -- | 1 |
| -- | AVAILABLE |
| -- | Aug 22, 2013 |
| -- | 902146 |
| -- | Medical Library Open Access Collection |
| 999 ## - | |
| -- | 32187 |
| -- | 32187 |
| Withdrawn status | Lost status | Source of classification or shelving scheme | Damaged status | Not for loan | Permanent Location | Current Location | Shelving location | Date acquired | Total Checkouts | Full call number | Barcode | Date last seen | Price effective from | Koha item type |
|---|---|---|---|---|---|---|---|---|---|---|---|---|---|---|
| CBU-SCHOOL OF MEDICINE LIBRARY, NDOLA. | CBU-SCHOOL OF MEDICINE LIBRARY, NDOLA. | 11/30/2022 | QR 46 WAR | 902146 | 11/30/2022 | 11/30/2022 | MONOGRAPH |